| 000 | 01145nam a2200301 c 4500 | ||
|---|---|---|---|
| 003 | BLK | ||
| 005 | 20190507172002.0 | ||
| 008 | 180412b bul|||||r ||||||| ||bul|| | ||
| 010 | _aKNG00009676000 | ||
| 040 | _aBLK | ||
| 041 |
_aBUL _cBUL |
||
| 080 |
_aНемска литература _b821.112.2 _x-31 _z821.112.2-31 |
||
| 100 | 1 |
_aЗюскинд, Патрик _eпърви автор _970367 |
|
| 700 | 1 |
_aСимова, Юлия _eпрев. от нем. _9253418 |
|
| 139 |
_aЗюскинд, Патрик _bЗ 98 |
||
| 245 | 1 | 0 |
_aПарфюмът _bИсторията на един убиец : Роман _cПатрик Зюскинд; прев. от нем. Юлия Симова. |
| 250 | _a2. изд. | ||
| 257 | _aDEU | ||
| 260 |
_аСофия _bЛъчезар Минчев _c1995 |
||
| 300 |
_a222 с. _c20 см |
||
| 380 | _aX | ||
| 500 | _aОриг. загл. Das Parfum / Patrick Suskind. - 1. изд. 1988 на изд. Хр. Г. Данов - Пловдив. - 4 000 тир. | ||
| 852 | _aЦб 184135 | ||
| 856 | 4 |
_qpdf _u |
|
| 856 | 4 |
_qpdf _u |
|
| 942 |
_cKNG _n0 _01 |
||
| 944 |
_aCR _c15.01.2003 _kГеновева_Генчева |
||
| 944 |
_aED _c08.02.2008 _k |
||
| 999 |
_c8333 _d8333 |
||